Phoebe Bridgers - Would You Rather (Lyrics) - Statistics

General Stats
  • This quiz has been taken 41 times
  • The average score is 167 of 187
Answer Stats
Answer % Correct
a
100%
A
100%
I
100%
I'm
100%
it
100%
Playing
100%
rather"
100%
say
100%
the
100%
to
100%
When
100%
when
100%
Who
100%
"Would
100%
you
100%
You
100%
you,
100%
always
96%
and
96%
And
96%
Come
96%
comes
96%
fire
96%
Of
96%
of
96%
on
96%
our
96%
that
96%
We
96%
be
91%
down
91%
down,
91%
drown
91%
end
91%
I'll
91%
in
91%
In
91%
prefer
91%
way
91%
you'd
91%
as
87%
burn
87%
cop
87%
family
87%
find
87%
found
87%
friends
87%
one
87%
out
87%
pact
87%
string,
87%
suicide
87%
waiting
87%
you're
87%
ambulance
83%
can
83%
suggested
83%
tried
83%
were
83%
awake
78%
background,
78%
He's
78%
man
78%
still
78%
you'll
78%
bad
74%
half
74%
have
74%
me
74%
same
74%
tall
74%
twice
74%
up
74%
against
70%
dream
70%
laid
70%
see
70%
someone
70%
wall
70%
different
65%
face
65%
hundred
65%
Quarantined
65%
show
65%
thing
65%
time
65%
ways
65%
Next
61%
touch
61%
shoved
57%
waving
48%
No matching quizzes found
Score Distribution
Percent of People with Each Score
Percentile by Number Answered
Your Score History
You have not taken this quiz